[Event "Oceania zt"]
[Site "Rotorua"]
[Date "2011.01.30"]
[Round "8"]
[White "Wang, Oscar Miao"]
[Black "Ogada Osir, Ibrahim"]
[Result "0-1"]
[WhiteElo "1942"]
[BlackElo "2152"]
[PlyCount "104"]
[EventDate "2011.01.25"]
[EventType "swiss"]
[EventRounds "9"]
[EventCountry "NZL"]
[SourceTitle "CBM 140 Extra"]
[Source "ChessBase"]
[SourceDate "2011.03.01"]
[SourceVersion "1"]
[SourceVersionDate "2011.03.01"]
[SourceQuality "1"]

1. g3 d5 2. Bg2 Nf6 3. Nf3 c5 4. 0-0 Nc6 5. d3 g6 6. Nbd2 Bg7 7. c3 0-0 8. Re1 e5 9. Qc2 Be6 10. Ng5 Bd7 11. e4 d4 12. Nf1 h6 13. Nh3 Qc8 14. Nf4 exf4 15. Bxf4 Nh5 16. Bd6 Re8 17. Rac1 Bf8 18. Bxf8 Rxf8 19. Qd2 Kh7 20. cxd4 cxd4 21. f4 Qd8 22. Qe2 Re8 23. a3 Qe7 24. Qf2 Rac8 25. Nd2 Red8 26. h3 Ng7 27. Nf3 f6 28. Nh4 Qf7 29. Kh2 Qb3 30. Bf1 Be8 31. Nf3 Bf7 32. g4 Qb6 33. Kg2 Ne6 34. Nh4 Qc7 35. f5 Nf4+ 36. Kh1 g5 37. Nf3 Qd6 38. h4 Ne5 39. Nxe5 Qxe5 40. h5 Kg7 41. Qd2 a5 42. Qd1 Rxc1 43. Qxc1 Rd7 44. Qd1 Rc7 45. Qa4 b5 46. Qd1 a4 47. Qd2 Rc5 48. Rc1 Qc7 49. Rxc5 Qxc5 50. Kg1 Bb3 51. Qa5 Qc1 52. Qa7+ Bf7 0-1